BABYMONSTER - Membres par photo - Statistiques

Statistiques générales
  • Ce quiz a été pris 413 fois
  • Le résultat moyen est 7 sur 7
Statistiques - réponses
Par images Réponse % Correct
Asa
98%
Chiquita
98%
Ruka
98%
Pharita
97%
Rami
97%
Rora
96%
Ahyeon
94%
Aucun quiz correspondant
Distribution des résultats
% des personnes avec chaque résultat
Percentile par nombre de réponses
Votre historique - résultats
Vous n’avez pas pris ce quiz